|
|
|
|
| LEADER |
00825nab a2200229 i 4500 |
| 001 |
misc66274 |
| 005 |
20230505115047.0 |
| 008 |
221219s1942 hu o 0|| ger d |
| 040 |
|
|
|a SZTE Miscellanea Repozitórium
|b hun
|
| 041 |
|
|
|a ger
|
| 100 |
1 |
|
|a Oberhummer Eugen
|
| 245 |
1 |
0 |
|a Tabor
|h [elektronikus dokumentum] :
|b eine geographische Namenstudie /
|c Oberhummer Eugen
|
| 260 |
|
|
|a Verlag der Geographischen Gesellschaft
|b Wien
|c 1942
|
| 300 |
|
|
|a 456-462
|c 24 cm
|
| 300 |
|
|
|a [7] p.
|c 24 cm
|
| 490 |
0 |
|
|a Mitteilungen der Geographischen Gesellschaft in Wien
|
| 561 |
|
|
|a Németh Gyula hagyaték
|
| 591 |
|
|
|a NOZ 4438
|
| 650 |
|
4 |
|a Bölcsészettudományok
|
| 650 |
|
4 |
|a Nyelvek és irodalom
|
| 695 |
|
|
|a Német nyelv - helynév - etimológia
|
| 856 |
4 |
0 |
|u http://misc.bibl.u-szeged.hu/66274/1/4438_noz_o10.pdf
|z Dokumentum-elérés
|